Test items college algebra 8e by Grody, Drooyan, Beckenbach
| Main Author: | |
|---|---|
| Format: | Section = Libro |
| Language: | Undetermined Spanish |
| Published: |
Belmont California
Wadsworth Publishing Company
1992
|
| Edition: | 8a.ed. |
| Subjects: |
| LEADER | 00561nam a2200205Ia 4500 | ||
|---|---|---|---|
| 008 | 240829s9999 xx 000 0 und d | ||
| 020 | |a 0-5344-16112-X | ||
| 040 | |a BIBLIOTECA-RUSB/ 512 F299 | ||
| 041 | |a spa | ||
| 082 | |a 512 F299 | ||
| 100 | 1 | |a Feissner, George F. | |
| 245 | 1 | 0 | |a Test items college algebra 8e by Grody, Drooyan, Beckenbach |
| 250 | |a 8a.ed. | ||
| 260 | |a Belmont California |b Wadsworth Publishing Company |c 1992 | ||
| 300 | |a 191 p. :il. | ||
| 650 | 7 | |a ALGEBRA | |
| 650 | 7 | |b SOLUCION DE PROBLEMAS | |
| 942 | |c BK |2 ddc | ||
| 991 | |a TEXTO | ||
| 999 | |c 1366 | ||